Pilotes de Formule 1 en 2011 - Statistiques

Statistiques générales
  • Ce quiz a été pris 32 fois
  • Le résultat moyen est 18 sur 28
Statistiques - réponses
Ecurie Numéro Nationalité Nom du pilote Grand Prix disputés % Correct
Mclaren 3 Britannique Hamilton Tous
100%
Ferrari 5 Espagnol Alonso Tous
93%
Ferrari 6 Brésilien Massa Tous
93%
Mercedes 7 Allemand Schumacher Tous
93%
Redbull 1 Allemand Vettel Tous
93%
Redbull 2 Australien Webber Tous
93%
Mclaren 4 Britannique Button Tous
90%
Mercedes 8 Allemand Rosberg Tous
90%
Williams 12 Vénézuélien Maldonado Tous
79%
Sauber 17 Mexicain Pérez Tous sauf Canada (à cause de son accident à Monaco)
76%
Lotus-Renault GP 10 Russe Petrov Tous
69%
Lotus-Renault GP 9 Brésilien Senna De Spa-Francorchamps à Interlagos
66%
Williams 11 Brésilien Barrichello Tous
59%
Sauber 16 Japonais Kobayashi Tous
59%
Team Lotus 20 Finlandais Kovalainen Tous
59%
HRT 22 Australien Ricciardo De Silverstone à Interlagos
59%
Toro Rosso 18 Suisse Buemi Tous
52%
Team Lotus 21 Italien Trulli Tous sauf Nürburgring
52%
Virgin 24 Allemand Glock Tous
48%
Force India 14 Allemand Sutil Tous
48%
Sauber 17 Espagnol de la Rosa Canada
45%
Lotus-Renault GP 9 Allemand Heidfeld De Melbourne à Budapest
45%
HRT 22/23 (a porté les deux numéros) Indien Karthikeyan De Melbourne à Valence + Buddh
38%
Toro Rosso 19 Espagnol Alguersuari Tous
34%
Team Lotus 21 Indien Chandhok Nürburgring
34%
Virgin 25 Belge d'Ambrosio Tous
34%
Force India 15 Britannique di Resta Tous
34%
HRT 23 Italien Liuzzi Tous sauf Buddh
34%
Aucun quiz correspondant
Distribution des résultats
% des personnes avec chaque résultat
Percentile par nombre de réponses
Votre historique - résultats
Vous n’avez pas pris ce quiz